[Event "August Open"]
[Site "Cambre ESP"]
[Date "2006.08.14"]
[Round "5"]
[White "Gomez Torres,J"]
[Black "Vega Gomez,F"]
[Result "1/2-1/2"]
[WhiteElo "2003"]
[BlackElo "2061"]

1.d4 d6 2.e4 Nf6 3.Nc3 e5 4.Nf3 Nbd7 5.Bc4 Be7 6.O-O O-O 7.Qe2 c6 8.a4 Qc7
9.Rd1 Re8 10.Ba2 h6 11.Qc4 Rf8 12.dxe5 dxe5 13.Nd5 Nxd5 14.exd5 Nb6 15.Qc3 Nxa4
16.Qxe5 Qxe5 17.Nxe5 Bf6 18.f4 cxd5 19.Bxd5 Nc5 20.Be3 Ne6 21.Bxe6 Bxe6 22.Nd7 Bg4
23.Nxf6+ gxf6 24.Rd6 Be6 25.Rxa7 Rxa7 26.Bxa7 Ra8 27.Bd4 Ra1+ 28.Kf2 Rc1
29.Bxf6 Rxc2+ 30.Kf3 h5 31.Bc3 b5 32.Rd4 f5 33.Rd2 Rc1 34.Kg3 Rh1 35.Kh3 Bb3
36.g3 Kf7 37.Kh4 Bd1 38.Be5 b4 39.Kg5 Bg4 40.Rd7+ Ke6 41.Rd6+ Ke7 42.Rd2 Ke6
43.Rd6+ Ke7 44.Rd2 Ke6 45.Rd6+ Ke7 46.Rb6 Rxh2 47.Rxb4 Rh3 48.Rb7+ Ke6 49.Rb6+ Kd5
50.Rd6+ Kc4 51.Rd4+ Kb5 52.Rd3 Rh2 53.Bc3 Kc4 54.Rd4+ Kb5 55.Rd5+ Kc4 56.Rxf5 Bxf5
57.Kxf5 Rg2 58.Kg5 Rxg3+ 59.Kxh5 Kd5 60.f5 Kd6 61.Bf6 Rg1 62.Bg5 Ke5 63.Kg6 Rf1
64.f6 Ke6 65.b4 Rf5 66.Bh4 Rf4 67.Bg5 Rxb4 68.f7 Rb8 69.Bh6 Ke7 70.f8=Q+ Rxf8
71.Bxf8+ Kxf8  1/2-1/2

[Event "Open"]
[Site "Predeal ROM"]
[Date "2006.08.14"]
[Round "3"]
[White "Sveshnikov,E"]
[Black "Badea,B"]
[Result "1/2-1/2"]
[WhiteElo "2496"]
[BlackElo "2508"]

1.e4 d6 2.d4 Nf6 3.Nc3 e5 4.dxe5 dxe5 5.Qxd8+ Kxd8 6.Bc4 Ke8 7.Nf3 Bd6 8.Be3 g6
9.O-O-O h6 10.h3 Nbd7 11.a4 b6 12.Bd5 Nxd5 13.Nxd5 Rb8 14.Rhe1 b5 15.axb5  1/2-1/2

[Event "81st ch-FRA w"]
[Site "Besancon BRA"]
[Date "2006.08.15"]
[Round "2"]
[White "Choisy,M"]
[Black "Esposito,Mar"]
[Result "0-1"]
[WhiteElo "2145"]
[BlackElo "2130"]

1.e4 d6 2.d4 Nf6 3.Nc3 Nbd7 4.g3 e5 5.Nge2 c6 6.a4 b6 7.Bg2 Bb7 8.O-O a6
9.h3 b5 10.Be3 b4 11.Nb1 exd4 12.Nxd4 g6 13.Nd2 Qc7 14.f4 Bg7 15.e5 dxe5
16.fxe5 Nxe5 17.Bf4 Nh5 18.Nf5 O-O 19.Nxg7 Kxg7 20.Ne4 Nxf4 21.gxf4 Qb6+
22.Kh2 Nc4 23.a5 Qa7 24.Qe2 Ne3 25.Rf2 Nxg2 26.Rxg2 Rfe8  0-1

[Event "Petrovskaja Ladja A1"]
[Site "Peterhof RUS"]
[Date "2006.08.15"]
[Round "3"]
[White "Mukhin,G"]
[Black "Markosian,D"]
[Result "1/2-1/2"]
[WhiteElo "2340"]
[BlackElo "2377"]

1.e4 d6 2.d4 Nf6 3.Nc3 e5 4.Nf3 Nbd7 5.g3 Be7 6.Bg2 O-O 7.O-O c6 8.a4 b6
9.b3 a6 10.Bb2 Bb7 11.Re1 Re8 12.Qd2 Bf8 13.Ba3 Qc7 14.Rad1 Rad8 15.Nh4 g6
16.dxe5 dxe5 17.Bxf8 Nxf8 18.Qg5 Nh5 19.Bh3 f6 20.Qe3 Rxd1 21.Rxd1 Rd8 22.Rxd8 Qxd8
23.Nf3 Ng7 24.Bf1 Nge6 25.h4 Nd4 26.Nxd4 Qxd4 27.Qxd4 exd4 28.Bc4+ Kg7 29.Ne2 c5
30.f3 g5 31.hxg5 fxg5 32.c3 dxc3 33.Nxc3 Ng6 34.Kf2 h5 35.Ke3 h4 36.gxh4 Nxh4
37.Ne2 Ng2+ 38.Kf2 Nf4 39.Ke3 Ng2+ 40.Kf2 Nf4 41.Ke3 Ng2+  1/2-1/2

[Event "Open"]
[Site "Stare Mesto CZE"]
[Date "2006.08.15"]
[Round "6"]
[White "Herejk,P"]
[Black "Damia,A"]
[Result "1/2-1/2"]
[WhiteElo "2145"]
[BlackElo "2237"]

1.e4 d6 2.d4 Nf6 3.Nc3 e5 4.dxe5 dxe5 5.Qxd8+ Kxd8 6.Nf3 Bd6 7.Bc4 Be6 8.Bxe6 fxe6
9.Be3 Nbd7 10.O-O-O a6 11.h3 b5 12.Nd2 Ke7 13.f3 h6 14.Nb3 c5 15.Kb1 Rhc8
16.Nc1 Nb6 17.b3 Nfd7 18.a3 b4 19.axb4 c4 20.N3a2 cxb3 21.cxb3 a5  1/2-1/2

[Event "Independence Cup A"]
[Site "Kyiv UKR"]
[Date "2006.08.16"]
[Round "4"]
[White "Solomaha,A"]
[Black "Manilyk,A"]
[Result "1-0"]
[WhiteElo "2323"]
[BlackElo "2143"]

1.e4 d6 2.d4 Nf6 3.Nc3 c6 4.g3 Nbd7 5.Bg2 e5 6.Nge2 b5 7.h3 Be7 8.Be3 Bb7
9.O-O O-O 10.dxe5 dxe5 11.g4 Qc7 12.Ng3 Rfd8 13.Nf5 Nc5 14.Qc1 Ne6 15.Ne2 g6
16.Nh6+ Kg7 17.f4 Ng8 18.f5 Nd4 19.Bxd4 exd4 20.g5 Bxg5 21.Qxg5 f6 22.Nf4 fxg5
23.Ne6+ Kxh6 24.Nxc7 Rac8 25.Ne6 Re8 26.Nc5 Rc7 27.f6 Rf8 28.Ne6 Rcf7 29.Nxf8 Rxf8
30.e5 Bc8 31.Kh2 g4 32.hxg4 Kg5 33.Bxc6 Nh6 34.Bf3 Be6 35.Rad1 Nf7 36.Rfe1 Rc8
37.Re2 Rc5 38.Rde1 a5 39.Kg3 b4 40.Re4 h5 41.gxh5 gxh5 42.R1e2 Nh6 43.Kf2 Nf5
44.Rd2 a4 45.Ke1 Ng3 46.Rg2 h4 47.f7 Bxf7 48.e6 Be8 49.Rg4+ Kf6 50.Rxd4 Re5+
51.Kf2 Nf5 52.Rxb4 Rxe6 53.Bg4 Re5 54.Rf4 Bd7 55.Bxf5 Bxf5 56.Rg8 Ke7 57.Rg5 Kf6
58.Rgxf5+ Rxf5 59.Rxf5+ Kxf5 60.b4  1-0

[Event "Petrovskaja Ladja A1"]
[Site "Peterhof RUS"]
[Date "2006.08.16"]
[Round "5"]
[White "Shimanov,A"]
[Black "Markosian,D"]
[Result "1-0"]
[WhiteElo "2306"]
[BlackElo "2377"]

1.e4 d6 2.d4 Nf6 3.Nc3 e5 4.dxe5 dxe5 5.Qxd8+ Kxd8 6.Bc4 Be6 7.Bxe6 fxe6
8.Be3 Bd6 9.f3 Nc6 10.O-O-O a6 11.Nh3 Ke7 12.Nf2 Rhf8 13.Nd3 Nh5 14.Rhe1 h6
15.Nb1 g5 16.Nd2 Nf4 17.Bxf4 gxf4 18.g4 a5 19.a4 Rfb8 20.c3 Kf6 21.Nc4 Kg5
22.h4+ Kf6 23.Re2 Rg8 24.Kc2 Rad8 25.Red2 Be7 26.Re1 Rd7 27.Red1 Rdd8 28.Nf2 Rxd2+
29.Rxd2 Kf7 30.Rd7 Rc8 31.g5 Ke8 32.Rd1 h5 33.Nd3 Bd6 34.Rg1 Kf7 35.Rg2 Rg8
36.Rd2 Ke7 37.Kd1 Rb8 38.Ke2 Kf7 39.Kf2 Ke7 40.Rc2 Kf7 41.b4 b5 42.Nxa5 Nxa5
43.bxa5 bxa4 44.Ra2 a3 45.c4 Rb3 46.Ke2 c6 47.a6 Bb8 48.Kd2 Ke7 49.Kc2 Rb6
50.Rxa3 Ba7 51.c5  1-0

[Event "Open"]
[Site "Stare Mesto CZE"]
[Date "2006.08.16"]
[Round "7"]
[White "Svana,P"]
[Black "Lubczynski,R"]
[Result "0-1"]
[WhiteElo "2168"]
[BlackElo "2361"]

1.e4 d6 2.d4 Nf6 3.Nc3 e5 4.Nf3 Nbd7 5.Bc4 Be7 6.O-O O-O 7.Re1 a6 8.a4 b6
9.Nd5 Bb7 10.Nxe7+ Qxe7 11.d5 Nc5 12.Nd2 c6 13.b4 Ncd7 14.dxc6 Bxc6 15.Ba3 Bxa4
16.Qe2 b5 17.Bd3 Nb8 18.c4 Nc6 19.Nf3 Rab8 20.Qd2 Rfc8 21.Bb2 Bb3 22.cxb5 axb5
23.Rec1 d5 24.exd5 Bxd5 25.Bf5 Rd8 26.Qe3 Bxf3 27.Qxf3 Nd4 28.Bxd4 exd4 29.Rc5 g6
30.Bd3 Nd7 31.Rxb5 Rxb5 32.Bxb5 Qxb4 33.Qd5 Qc5 34.Qb7 Ne5 35.Ra8 Rxa8 36.Qxa8+ Kg7
37.Qe8 d3 38.h3 Qc1+ 39.Kh2 Qf4+ 40.Kg1 Qd4 41.Kh2 d2 42.Be2 Nd3 43.f3 Nb2
44.Qb8 d1=R 45.Bxd1 Nxd1 46.Qb1 h5 47.Qc1 Ne3 48.Qe1 Qd6+  0-1

[Event "Open"]
[Site "Stare Mesto CZE"]
[Date "2006.08.17"]
[Round "8"]
[White "Parligras,C"]
[Black "Mudrak,J"]
[Result "0-1"]
[WhiteElo "2232"]
[BlackElo "2368"]

1.e4 d6 2.d4 Nf6 3.Nc3 e5 4.Nf3 Nbd7 5.Bc4 Be7 6.O-O O-O 7.a4 c6 8.Qe2 Re8
9.Rd1 exd4 10.Rxd4 d5 11.Bb3 Bc5 12.Rd1 Nxe4 13.Nxe4 Rxe4 14.Qd3 Nf6 15.Bg5 Bf5
16.Qd2 Qd6 17.c4 Rae8 18.Bh4 Rxh4 19.Nxh4 Ng4 20.g3 Bxf2+ 21.Kf1 Bd7 22.Ng2 Qc5  0-1

[Event "81st ch-FRA w"]
[Site "Besancon BRA"]
[Date "2006.08.19"]
[Round "6"]
[White "Skripchenko,A"]
[Black "Esposito,Mar"]
[Result "1-0"]
[WhiteElo "2421"]
[BlackElo "2130"]

1.e4 d6 2.d4 Nf6 3.Nc3 Nbd7 4.g4 e5 5.g5 exd4 6.Qxd4 Ng4 7.Be2 Nge5 8.Be3 Nc5
9.Qd2 Be6 10.b3 a5 11.f4 Nc6 12.f5 Bd7 13.Nf3 Be7 14.Bc4 O-O 15.Rg1 Kh8 16.O-O-O Bc8
17.Qf2 Qe8 18.Qh4 Bd8 19.Rge1 b6 20.a4 Ba6 21.Bd5 Rb8 22.Bxc6 Qxc6 23.Bd4 Re8
24.Re3 Kg8 25.Bxg7 Kxg7 26.Nd4 Qd7 27.f6+ Kh8 28.Rh3 Qxh3 29.Qxh3 Rg8 30.Qh4 Nd7
31.Re1 Ne5 32.Re3 Bf1 33.Nf5 Rg6 34.Nd5 Nc6  1-0

[Event "XXVI Open A"]
[Site "Bratto ITA"]
[Date "2006.08.19"]
[Round "1"]
[White "Vezzosi,P"]
[Black "Crippa,G"]
[Result "1/2-1/2"]
[WhiteElo "2356"]
[BlackElo "2078"]

1.d4 d6 2.e4 Nf6 3.Nc3 e5 4.Nf3 Nbd7 5.Bc4 Be7 6.O-O O-O 7.a4 a5 8.h3 c6
9.Re1 h6 10.Ba2 Re8 11.Be3 Nh7 12.Qe2 Bg5 13.dxe5 Bxe3 14.Qxe3 dxe5 15.Rad1 Qe7
16.Ne2 Nc5 17.Qa3 b6 18.Ng3 g6 19.Rd2 Ra7 20.Red1 Kg7 21.c3 Ng5 22.Nxg5 hxg5
23.Rd6 Rd7 24.Rxd7 Bxd7 25.f3 Bc8 26.Bc4 Rd8 27.Qa1 Be6 28.Bxe6 Nxe6 29.Ne2 Rd6
30.Qc1 Qd7 31.Rxd6 Qxd6 32.Qc2 b5 33.axb5 cxb5 34.Kf1 Nf4 35.Nxf4 gxf4 36.Ke1 a4
37.Qe2 Qc6  1/2-1/2

[Event "XXVI Open A"]
[Site "Bratto ITA"]
[Date "2006.08.19"]
[Round "1"]
[White "Lanzani,M"]
[Black "Lovati,P"]
[Result "1-0"]
[WhiteElo "2331"]
[BlackElo "2069"]

1.e4 d6 2.d4 Nf6 3.Nc3 c6 4.f4 Qa5 5.e5 Ne4 6.Qf3 Nxc3 7.Bd2 Bf5 8.Bxc3 Qd5
9.Qxd5 cxd5 10.O-O-O Nc6 11.Bd3 g6 12.Nf3 dxe5 13.dxe5 e6 14.Nd4 Bxd3 15.Rxd3 h5
16.g3 Rc8 17.Nb3 a6 18.a3 Na7 19.Rf1 Be7 20.Bd4 Nc6 21.Be3 O-O 22.h3 f6 23.exf6 Bxf6
24.Re1 Kf7 25.Bb6 Bd8 26.Bxd8 Nxd8 27.Nd4 Kf6 28.Rde3 Re8 29.Re5 Nc6 30.Nxc6 bxc6
31.g4 hxg4 32.hxg4 c5 33.f5 gxf5 34.gxf5 Rc6 35.b3 a5 36.Kd2 Rd6 37.R1e2 Re7
38.Ke1 Re8 39.Kf2 Re7 40.Kf3 Re8 41.Kf4 Re7 42.Rh2 Kg7 43.Kg5 Kf7 44.f6 Red7
45.Rh7+ Kg8 46.Rxd7 Rxd7 47.Kg6 Rd6 48.a4 Kf8 49.Rh5  1-0

[Event "Petrovskaja Ladja A1"]
[Site "Peterhof RUS"]
[Date "2006.08.19"]
[Round "9"]
[White "Malysheva,P"]
[Black "Markosian,D"]
[Result "1-0"]
[WhiteElo "2323"]
[BlackElo "2377"]

1.e4 d6 2.d4 Nf6 3.Nc3 e5 4.Nf3 Nbd7 5.Bc4 Be7 6.O-O O-O 7.Re1 c6 8.a4 a5
9.Ba2 Re8 10.h3 h6 11.dxe5 dxe5 12.Nh4 Bb4 13.Qf3 Nc5 14.Bxh6 Be6 15.Rad1 Qe7
16.Bxe6 fxe6 17.Ng6 Qc7 18.Bg5 Kf7 19.Bxf6 gxf6 20.Qh5 Rg8 21.Ne7+ Kf8 22.Nxg8 Kxg8
23.Re3 Qh7 24.Qxh7+ Kxh7 25.Na2 Nxa4 26.Rd7+ Kh6 27.Nxb4 axb4 28.Rxb7 c5
29.Rf3 Rf8 30.Rb5 Kg6 31.Ra5 Nxb2 32.Rxc5 Ra8 33.Rg3+ Kh6 34.Rc6 Ra1+ 35.Kh2  1-0

[Event "6th Open"]
[Site "Velika Gorica CRO"]
[Date "2006.08.19"]
[Round "1"]
[White "Purgar,I"]
[Black "Krstic,U"]
[Result "1/2-1/2"]
[WhiteElo "1957"]
[BlackElo "2347"]

1.e4 d6 2.d4 Nf6 3.Nc3 c6 4.Nf3 Qa5 5.Bd3 Bg4 6.O-O Nbd7 7.h3 Bh5 8.Be2 Bg6
9.Bd3 e5 10.Qe2 Be7 11.Bd2 Qb6 12.Na4 Qc7 13.c4 O-O 14.Rac1 Rae8 15.d5 Nh5
16.Nc3 Qc8 17.b4 Bd8 18.Be3 c5 19.Nb5 Qb8 20.a3 Bb6 21.Bd2 a6 22.Nc3 cxb4
23.axb4 Ng3 24.Qd1 Nxf1 25.Qxf1 a5 26.Na4 axb4 27.Nxb6 Nxb6 28.Bxb4 Rc8 29.Nh4 Nd7
30.Nxg6 hxg6 31.f4 exf4 32.Qxf4 Ne5 33.Be2 b6 34.h4 Qc7 35.Rc3 Ra8 36.Rh3 Ra2
37.h5 Rxe2 38.h6 f5 39.hxg7 Qxg7 40.Bxd6 Re8 41.Bxe5 Rxe5 42.d6 R2xe4 43.Qd2 Re1+
44.Kh2 R1e2 45.Qd3 R5e3 46.Rxe3 Qh6+ 47.Rh3 Qf4+ 48.Rg3 Qh6+ 49.Rh3 Qf4+
50.Rg3 Qh6+ 51.Rh3  1/2-1/2

[Event "6th Open"]
[Site "Velika Gorica CRO"]
[Date "2006.08.20"]
[Round "3"]
[White "Zaja,I"]
[Black "Kosanski,S"]
[Result "1-0"]
[WhiteElo "2445"]
[BlackElo "2339"]

1.d4 d6 2.e4 Nf6 3.Nc3 Nbd7 4.f4 e5 5.Nf3 exd4 6.Qxd4 c6 7.Be3 d5 8.e5 Bc5
9.Qd2 Bxe3 10.Qxe3 Ng4 11.Qd2 Qb6 12.O-O-O Qe3 13.h3 Qxd2+ 14.Rxd2 Ne3 15.Bd3 Nc5
16.Re1 Nxd3+ 17.cxd3 Nf5 18.g4 Ne7 19.f5 h5 20.Ng5 hxg4 21.hxg4 Rh4 22.Rg2 Ng8
23.Ne2 Nh6 24.Reg1 Ng8 25.Nf4 Rh6 26.Re1 b6 27.Kd2 d4 28.e6 f6 29.Nf7 Rh7
30.e7 Nxe7 31.Ng6 Be6 32.Rxe6  1-0

[Event "6th Open"]
[Site "Velika Gorica CRO"]
[Date "2006.08.21"]
[Round "4"]
[White "Vadla,Z"]
[Black "Jurkovic,A"]
[Result "1-0"]
[WhiteElo "2227"]
[BlackElo "2350"]

1.e4 d6 2.d4 Nf6 3.Nc3 Nbd7 4.Nf3 e5 5.Be2 Be7 6.O-O O-O 7.Re1 c6 8.a4 a5
9.Bf1 Qc7 10.h3 Re8 11.Be3 Nf8 12.dxe5 dxe5 13.Nd2 Ne6 14.Nc4 Rd8 15.Qc1 Bc5
16.Bxc5 Nxc5 17.Qg5 Nfd7 18.Qe7 Ne6 19.Rad1 Rb8 20.Rd6 b5 21.axb5 cxb5 22.Nxe5  1-0

[Event "9th Open"]
[Site "Banyoles ESP"]
[Date "2006.08.23"]
[Round "8"]
[White "Kristiansen,J"]
[Black "Arribas,M"]
[Result "1-0"]
[WhiteElo "2425"]
[BlackElo "2283"]

1.e4 d6 2.d4 Nf6 3.Nc3 c6 4.f4 e5 5.dxe5 dxe5 6.Qxd8+ Kxd8 7.fxe5 Ng4 8.Nf3 Nd7
9.Bf4 Bc5 10.Bc4 Ke7 11.Ke2 b5 12.Bd3 Ke6 13.a4 b4 14.Bc4+ Ke7 15.Nd1 Re8
16.h3 Ngxe5 17.Bxe5 Kf8 18.Bc7 Rxe4+ 19.Kd3 Nf6 20.b3 Bf5 21.Kd2 Re7 22.Bf4 Rae8
23.Kc1 h6 24.Rf1 Nd5 25.Bd2 a5 26.Nf2 Ne3 27.Bxe3 Rxe3 28.Bd3 Bc8 29.Kd2 f5
30.Rae1 g5 31.Rxe3 Bxe3+ 32.Kd1 Kg7 33.Nh1 f4 34.Nf2 Be6 35.Ne4 Bd5 36.Nd6  1-0

[Event "Lichtenberger Sommer"]
[Site "Berlin GER"]
[Date "2006.08.23"]
[Round "5"]
[White "Litwak,A"]
[Black "Schmidt Schaeffer,S"]
[Result "1-0"]
[WhiteElo "2222"]
[BlackElo "2370"]

1.e4 d6 2.d4 Nf6 3.Nc3 Nbd7 4.Nf3 e5 5.Bc4 Be7 6.O-O O-O 7.Re1 a6 8.a4 b6
9.b3 c6 10.Bb2 Rb8 11.Qd2 b5 12.Bd3 Re8 13.Ne2 Qc7 14.Ng3 Bf8 15.c4 bxa4
16.bxa4 exd4 17.Nxd4 Nc5 18.Bb1 Ng4 19.Bc3 Ne5 20.Qe2 a5 21.f4 Nb3 22.fxe5 Qb6
23.Qb2 Nxa1 24.Qxb6 Rxb6 25.Bxa1 dxe5 26.Nf3 f6 27.Nf5 Bc5+ 28.Kh1 g6 29.Ng3 Rd8
30.Rc1 Rb4 31.Bc2 Be3 32.Re1 Bf2 33.Rf1 Bxg3 34.hxg3 Kg7 35.Bc3 Rxc4 36.Bxa5 Rd7
37.Rf2 Rb7 38.Bd8 Be6 39.a5 Rb2 40.Ne1 f5 41.Bc7 Rxe4 42.Nd3 Ra2 43.Nc5 Re1+
44.Kh2 Bc4 45.g4 fxg4 46.Bd6 Rxa5 47.Nd7 Re3 48.Bf8+ Kh8 49.Rf6 Ra1 50.Rxc6 Bd5
51.Rc8 g3+ 52.Kh3 Be6+ 53.Kh4 Bxd7 54.Rd8  1-0

[Event "3rd Dato Arthur Tan"]
[Site "Kuala Lumpur MAS"]
[Date "2006.08.23"]
[Round "5"]
[White "Gomez,Joh"]
[Black "Nguyen Ngoc Truongson"]
[Result "1/2-1/2"]
[WhiteElo "2375"]
[BlackElo "2535"]

1.e4 d6 2.d4 Nf6 3.Nc3 e5 4.dxe5 dxe5 5.Qxd8+ Kxd8 6.Bg5 Be6 7.O-O-O+ Nd7
8.g3 h6 9.Bxf6+ gxf6 10.f4 exf4 11.gxf4 Bg4 12.Be2 h5 13.Bxg4 hxg4 14.Nge2 c6
15.Rdg1 Rh4 16.Ng3 Bc5 17.Rg2 Be3+ 18.Kb1 Bxf4 19.Nf5 Rh3 20.Rxg4 Bg5 21.Rg3 Rxg3
22.Nxg3 Kc7 23.h4 Bf4 24.Nf5 Rh8 25.h5 Nc5 26.b4 Ne6 27.Nd1 a5 28.bxa5 Ng5
29.Nf2 Bd2 30.Kb2 Bxa5 31.h6 Bb6 32.Ng4 Nxe4 33.Re1 Nd6 34.Rf1 Nxf5 35.Rxf5 Kd7
36.Kc3 Bd8 37.Kd3 Ke6 38.Ke4 Rg8 39.Nf2 Be7 40.Nd3 Bd6 41.Nf4+ Ke7 42.Rh5 Rh8
43.Kf5 Bb4 44.Nd3 Bd2 45.h7 Be3 46.Rh3 Bd4 47.Rh4 Bb6 48.Rb4 Bc7 49.Rxb7 Kd8
50.Nb4 Kc8 51.Ra7 Rxh7 52.Nxc6 Rh4 53.Ne7+ Kb8 54.Nc6+ Kc8 55.Ne7+ Kb8 56.Nc6+  1/2-1/2

[Event "3rd Dato Arthur Tan"]
[Site "Kuala Lumpur MAS"]
[Date "2006.08.23"]
[Round "5"]
[White "Edwin,L"]
[Black "Bennett,H"]
[Result "1/2-1/2"]
[WhiteElo "1977"]
[BlackElo "2093"]

1.e4 d6 2.d4 Nf6 3.Nc3 c6 4.f4 Qa5 5.Bd3 e5 6.Nf3 Bg4 7.dxe5 dxe5 8.fxe5 Bxf3
9.Qxf3 Qxe5 10.O-O Bc5+ 11.Kh1 Nbd7 12.Bf4 Qh5 13.Qg3 Qg4 14.h3 Qxg3 15.Bxg3 O-O
16.e5 Nh5 17.Bh2 g6 18.Rad1 Nb6 19.Ne4 Be7 20.g4 Ng7 21.c4 Ne6 22.Nd6 Na4
23.b3 Nb2 24.Rd2 Nxd3 25.Rxd3 Rad8 26.b4 c5 27.a3 b6 28.bxc5 Nxc5 29.Rdf3 f6
30.Nb5 fxe5  1/2-1/2

[Event "3rd Dato Arthur Tan"]
[Site "Kuala Lumpur MAS"]
[Date "2006.08.23"]
[Round "6"]
[White "Yu Shaoteng"]
[Black "Akshayraj,K"]
[Result "1/2-1/2"]
[WhiteElo "2542"]
[BlackElo "2395"]

1.e4 d6 2.d4 Nf6 3.Nc3 e5 4.Nf3 Nbd7 5.Bc4 Be7 6.O-O O-O 7.Re1 c6 8.a4 h6
9.h3 Re8 10.Ba2 Qc7 11.Nh4 exd4 12.Qxd4 Nf8 13.Be3 Ng4 14.hxg4 Bxh4 15.Bf4 Ne6
16.Bxe6  1/2-1/2

[Event "81st ch-FRA"]
[Site "Besancon BRA"]
[Date "2006.08.24"]
[Round "10"]
[White "Vaisser,A"]
[Black "Fontaine,R"]
[Result "0-1"]
[WhiteElo "2568"]
[BlackElo "2518"]

1.d4 d6 2.e4 Nf6 3.Nc3 e5 4.dxe5 dxe5 5.Qxd8+ Kxd8 6.Bc4 Bb4 7.Bd2 Ke7 8.f3 c6
9.Nge2 Nbd7 10.Nc1 b5 11.Be2 Bd6 12.a4 b4 13.Nd1 a5 14.Ne3 Nb6 15.Nd3 g6
16.b3 Nfd7 17.c3 bxc3 18.Bxc3 f6 19.Nb2 Nc5 20.Nbc4 Nxc4 21.Nxc4 Nxb3 22.Rb1 Nc5
23.Bxa5 Be6 24.Bd2 Bxc4 25.Bxc4 Rxa4 26.Rc1 Rb8 27.O-O Nd7 28.Be3 Ra3 29.Bf2 Bc5
30.Bxc5+ Nxc5 31.Rc2 Na4 32.Rfc1 Rb2 33.Rxb2 Nxb2 34.Be2 Kd6 35.Rb1 Ra2 36.h4 c5
37.Rc1 Ra4 38.Rc2 Rb4 39.Rd2+ Kc7 40.Rd5 c4 41.Rc5+ Kb6 42.Rc8 Kb7 43.Rc5 Kb6
44.Rc8 f5 45.exf5 gxf5 46.g4 fxg4 47.fxg4 Kb7 48.Rc5 Nd3 49.Bf3+ Kb6 50.Rc8 Nc5
51.Rb8+ Ka5 52.Ra8+ Kb5 53.Rb8+ Ka4 54.Rc8 Rb5 55.Bc6 c3 56.Ra8+ Kb4 57.Bxb5 c2
58.Ra1 Nb3 59.Re1 Kxb5 60.Kf2 Kc6 61.g5 Kd6 62.h5 Ke6 63.g6 hxg6 64.hxg6 Kf6
65.Ke3 Kxg6 66.Ke4 Kf6 67.Kd5 c1=Q 68.Rf1+ Qxf1  0-1

[Event "81st ch-FRA w"]
[Site "Besancon BRA"]
[Date "2006.08.25"]
[Round "11"]
[White "Benmesbah,N"]
[Black "Esposito,Mar"]
[Result "1-0"]
[WhiteElo "2125"]
[BlackElo "2130"]

1.e4 d6 2.d4 Nf6 3.Nc3 Nbd7 4.f4 e5 5.Nf3 exd4 6.Qxd4 c6 7.Be3 d5 8.exd5 Bc5
9.Qd3 Qe7 10.Nd4 Bxd4 11.Qxd4 Nxd5 12.Nxd5 cxd5 13.O-O-O O-O 14.Bd2 Qe4 15.Bb4 Qxd4
16.Rxd4 Re8 17.Rxd5 Nf6 18.Re5 Rxe5 19.fxe5 Ng4 20.Bc4 Bf5 21.Bc3 Ne3 22.Bb3 g6
23.g3 Rc8 24.Re1 Nc4 25.Rd1 Be6 26.a4 h5 27.a5 b6 28.axb6 axb6 29.Ba4 Rc5
30.Rd8+ Kh7 31.Bd4 Ra5 32.b3 b5 33.Bc3 Ra7 34.Bxb5 Na3 35.Bd3 Rb7 36.Bd2 Rc7
37.Kb2 Nc4+ 38.bxc4  1-0

[Event "3rd Dato Arthur Tan"]
[Site "Kuala Lumpur MAS"]
[Date "2006.08.26"]
[Round "10"]
[White "Paragua,M"]
[Black "Murshed,N"]
[Result "1-0"]
[WhiteElo "2604"]
[BlackElo "2464"]

1.e4 d6 2.d4 Nf6 3.Nc3 e5 4.dxe5 dxe5 5.Qxd8+ Kxd8 6.Bg5 Be6 7.O-O-O+ Nd7
8.g3 Kc8 9.f4 h6 10.Bxf6 Nxf6 11.f5 Bd7 12.Nf3 Bd6 13.Bc4 Rf8 14.Rhe1 a6
15.Nd5 Nxd5 16.Bxd5 a5 17.g4 g5 18.h4 f6 19.hxg5 hxg5 20.Rh1 Ra6 21.Rh7 Bb5
22.Nd2 Bc5 23.Bc4 Rb6 24.Bxb5 Rxb5 25.Nc4 Bd4 26.c3 Rc5 27.Na3 Rc6 28.Nb5 Bb6
29.b3 a4 30.Kc2 axb3+ 31.axb3 Rd8 32.Rxd8+ Kxd8 33.b4 Bf2 34.Kb3 Be1 35.Rh1 Bh4
36.Rd1+ Ke7 37.c4 Bf2 38.c5 Ke8 39.Kc4 Ke7 40.Rh1 Bh4 41.Ra1 Kd7 42.Na7 Ra6
43.c6+  1-0

[Event "6th Open"]
[Site "Velika Gorica CRO"]
[Date "2006.08.26"]
[Round "9"]
[White "Zaja,I"]
[Black "Matic,Z"]
[Result "1/2-1/2"]
[WhiteElo "2445"]
[BlackElo "2187"]

1.d4 d6 2.e4 Nf6 3.Nc3 e5 4.dxe5 dxe5 5.Qxd8+ Kxd8 6.Bc4 Ke8 7.Nf3 Bd6 8.Bg5 c6
9.O-O-O Bc7 10.a4 Bg4 11.Rd3 Nbd7 12.h3 Bxf3 13.Rxf3 h6 14.Bd2 a5 15.g4 Nf8
16.g5 hxg5 17.Bxg5 Bd8 18.h4 Ne6 19.Bxe6 fxe6 20.Rd1 Be7 21.Rfd3 Rd8 22.Rxd8+ Bxd8
23.Rd3 Nd7 24.Bxd8 Kxd8 25.Rg3 Rxh4 26.Rxg7 Rf4 27.Rg2 Nc5 28.Kd2 Nxe4+ 29.Nxe4 Rxe4
30.b3 b5 31.axb5 cxb5 32.Rg7 a4 33.Rb7 axb3 34.cxb3 Rd4+ 35.Kc3 Rf4 36.Rxb5 Rxf2
37.Rxe5 Ke7 38.b4 Kd6 39.Rc5 Rf1 40.Kc2 e5 41.Rc3 Rf8 42.b5 Rb8 43.Rb3 Kc5
44.Kd3 Rxb5 45.Rxb5+ Kxb5 46.Ke4 Kc5 47.Kxe5  1/2-1/2

[Event "TCh-Serbia w"]
[Site "Zlatibor SCG"]
[Date "2006.08.26"]
[Round "1"]
[White "Korbut,E"]
[Black "Voiska,M"]
[Result "1-0"]
[WhiteElo "2430"]
[BlackElo "2330"]

1.e4 d6 2.d4 Nf6 3.Nc3 e5 4.Nf3 Nbd7 5.Bc4 Be7 6.O-O O-O 7.a4 c6 8.Re1 h6
9.b3 exd4 10.Nxd4 Ne5 11.Bf1 Re8 12.f4 Ng6 13.a5 Bd7 14.h3 Qc7 15.Qd3 Bf8
16.Bd2 Rad8 17.Qg3 d5 18.e5 Bc5 19.Qf2 Ne4 20.Nxe4 dxe4 21.c3 a6 22.Rxe4 Be7
23.Bc4 Bh4 24.g3 c5 25.gxh4 cxd4 26.cxd4 Bf5 27.Re2 Ne7 28.Bb4 Be6 29.Rc1 Qd7
30.Bd6 Bxc4 31.bxc4 Qxh3 32.Bxe7 Rxe7 33.d5 Rc7 34.Re3 Qc8 35.e6 fxe6 36.dxe6 Rxc4
37.Rce1 Re8 38.f5 Rg4+ 39.Kh2 Qc4 40.Kh3 h5 41.Rf3 Qb4 42.f6 gxf6 43.Rxf6 Rg7
44.Rg1 Qc3+ 45.Rf3 Qe5 46.Re3 Rf8 47.Rxe5  1-0

[Event "3rd Dato Arthur Tan"]
[Site "Kuala Lumpur MAS"]
[Date "2006.08.27"]
[Round "11"]
[White "So,W"]
[Black "Nguyen Ngoc Truongson"]
[Result "0-1"]
[WhiteElo "2330"]
[BlackElo "2535"]

1.e4 d6 2.d4 Nf6 3.Nc3 e5 4.dxe5 dxe5 5.Qxd8+ Kxd8 6.Bg5 Be6 7.O-O-O+ Nd7
8.f4 exf4 9.Nf3 h6 10.Bxf4 c6 11.Nd4 Bc5 12.Be2 Ke7 13.Bf3 Rhd8 14.e5 Bxd4
15.Rxd4 Ne8 16.Rb4 Rab8 17.Ne4 Nc7 18.Nd6 Nb6 19.Bg3 Na6 20.Rd4 Nc7 21.Rhd1 Nbd5
22.Ne4 g5 23.Bf2 b6 24.g3 Ne8 25.h4 g4 26.Be2 Bf5 27.c4 Nb4 28.Nc3 Rxd4 29.Rxd4 Ke6
30.a3 c5 31.Rf4 Nc6 32.Nd5 Nxe5 33.Ne3 Nd6 34.Nxf5 Nxf5 35.Kc2 h5 36.b4 Rc8
37.bxc5 bxc5 38.Kc3 Nd6  0-1

[Event "Rudenko Mem"]
[Site "St Petersburg RUS"]
[Date "2006.08.27"]
[Round "2"]
[White "Egorova,Ek"]
[Black "Kirillova,V"]
[Result "1-0"]
[WhiteElo "2112"]
[BlackElo "2236"]

1.e4 d6 2.d4 Nf6 3.Nc3 e5 4.Nf3 Nbd7 5.Bc4 Be7 6.Be3 O-O 7.Qe2 c6 8.dxe5 dxe5
9.O-O-O b5 10.Bb3 b4 11.Na4 Qa5 12.Nd2 Qb5 13.c4 Qa5 14.g4 Nb6 15.Nxb6 axb6
16.g5 Ng4 17.h4 Nxe3 18.fxe3 Be6 19.Rdg1 Rfd8 20.h5 b5 21.g6 Rxd2 22.h6 fxg6
23.Kxd2 Rd8+ 24.Kc2 bxc4 25.Bxc4 Qc5 26.Kb3 Bxc4+ 27.Qxc4+ Qxc4+ 28.Kxc4 Rd2
29.Rd1 Rc2+ 30.Kb3 Re2 31.Rd7 Rxe3+ 32.Ka4 Bf6 33.Rc1 gxh6 34.Rxc6 Bg7  1-0

[Event "TCh-Serbia"]
[Site "Zlatibor SCG"]
[Date "2006.08.27"]
[Round "2"]
[White "Kovacevic,A"]
[Black "Strikovic,A"]
[Result "1/2-1/2"]
[WhiteElo "2552"]
[BlackElo "2510"]

1.e4 d6 2.d4 Nf6 3.Nc3 e5 4.Nf3 Nbd7 5.Bc4 Be7 6.O-O O-O 7.Re1 c6 8.a4 b6
9.h3 a6 10.Ba2 Rb8 11.Be3 b5 12.axb5 axb5 13.b4 Qc7 14.Qd3 Nb6 15.d5 Bd7
16.dxc6 Qxc6 17.Bxb6 Qxb6 18.Nd5 Nxd5 19.Bxd5 Rbc8 20.Ra5 Qc7 21.Rea1 Qxc2
22.Qxc2 Rxc2 23.Ra7 Rd8 24.Rb7 Bf6 25.Raa7 Be6 26.Bxe6 fxe6 27.Ng5 Rb2 28.Nxe6 Rc8
29.Rxb5 Rc1+ 30.Kh2 h5 31.Rb8+ Kh7 32.Nxg7 Bxg7 33.Rbb7 Rxf2 34.Rxg7+ Kh6
35.Rh7+ Kg5 36.Rhg7+ Kh6 37.Rg3 Rc4 38.Rd3 Rf6 39.Rb3 Rxe4 40.b5 Re2 41.Rd7 h4
42.Rb4 e4 43.Rd4 Rg6 44.R4xd6 Rxg2+ 45.Kh1  1/2-1/2

[Event "VIII Open"]
[Site "Sants ESP"]
[Date "2006.08.28"]
[Round "4"]
[White "Fluvia Poyatos,J"]
[Black "Garcia Castro,P"]
[Result "1-0"]
[WhiteElo "2467"]
[BlackElo "2336"]

1.e4 d6 2.d4 Nf6 3.Nc3 Nbd7 4.Nf3 e5 5.Bc4 Be7 6.O-O O-O 7.Re1 c6 8.a4 a5
9.b3 exd4 10.Nxd4 Nb6 11.Bd3 d5 12.e5 Ne8 13.Qh5 g6 14.Qh6 Nc7 15.f4 Bb4
16.Bb2 Re8 17.f5 Bf8 18.Qf4 Bg7 19.Ba3 Bxf5 20.Nxf5 gxf5 21.Qxf5 Qh4 22.g3 Qd4+
23.Kg2 c5 24.Ne2 Qe3 25.Nf4 Qd2+ 26.Re2 Qc3 27.Rf1  1-0

[Event "Adolfo Pedrido Mem"]
[Site "Vilagarcia de Arousa ESP"]
[Date "2006.08.29"]
[Round "5"]
[White "Fernandez Rey,J"]
[Black "Leiros Vila,A"]
[Result "0-1"]
[WhiteElo "1889"]
[BlackElo "2178"]

1.e4 d6 2.d4 Nf6 3.Nc3 Nbd7 4.f4 c5 5.d5 g6 6.Nf3 Bg7 7.e5 dxe5 8.fxe5 Ng4
9.e6 Nde5 10.Bb5+ Kf8 11.O-O a6 12.h3 Nxf3+ 13.gxf3 Nf6 14.Bd3 Nxd5 15.Be4 Bxc3
16.bxc3 Bxe6 17.Bh6+ Ke8 18.Qe1 Qc7 19.Rb1 f5 20.Bd3 Kf7 21.Bc4 b5 22.Bxd5 Bxd5
23.Rd1 Rad8 24.Rf2 Qg3+ 25.Rg2 Qxf3 26.Rh2 Be4 27.Rdd2 Qxc3 28.Rhe2 Rxd2
29.Rxe4 fxe4 30.Bxd2  0-1

[Event "TCh-Serbia"]
[Site "Zlatibor SCG"]
[Date "2006.08.29"]
[Round "4"]
[White "Iordachescu,V"]
[Black "Damljanovic,B"]
[Result "1/2-1/2"]
[WhiteElo "2603"]
[BlackElo "2625"]

1.e4 d6 2.d4 Nf6 3.Nc3 e5 4.dxe5 dxe5 5.Qxd8+ Kxd8 6.Bc4 Ke8 7.Nf3 Bd6 8.Bg5 c6
9.O-O-O Bc7 10.Nh4 h6 11.Bxf6 gxf6 12.Nf5 Nd7 13.a3 Nc5 14.f3 a5 15.b4 axb4
16.axb4 Na4 17.Ne2 h5 18.Bb3 h4 19.c3 Nb6 20.Kc2 Bxf5 21.exf5 Ke7 22.g4 Rhd8
23.Rxd8 Rxd8 24.h3 Bd6 25.Rd1 Bc7 26.Rxd8  1/2-1/2